Statistics for Blade Runner Quiz

Click here to take the quiz!

General Stats

  • This quiz has been taken 219 times
  • The average score is 14 of 23

Answer Stats

QuestionAnswer% Correct
Who were they played by?Harrison Ford
94%
What year is the film set in?2019
86%
Who is the film's protagonist?Rick Deckard
84%
Who directed Blade Runner (1982)?Ridley Scott
84%
What book is Blade Runner based on?Do Androids Dream of Electric Sheep?
80%
What is the title of the 2017 sequel?Blade Runner 2049
79%
Who is their replicant love interest?Rachel
74%
What recognisable beverage has an ad slapped onto a skyscraper?Coca-Cola
72%
What is the name of the corporation that creates Replicants?Tyrell Corp.
72%
Who stars?Ryan Gosling
70%
Who is the film's antagonist?Roy Batty
68%
Who wrote the book?Phillip K. Dick
65%
Who composed Blade Runner's score?Vangelis
64%
Who were they played by?Rutger Hauer
55%
How does the 'tears in the rain' monologue end?Time to die.
52%
Who is their partner?Pris
49%
Who were they played by?Sean Young
47%
Who directed this sequel?Denis Villeneuve
41%
Who is the LAPD officer who speaks in Cityspeak and loves origami?Gaff
36%
Who is this corporation's genetic designer?J. F. Sebastian
34%
Who were they played by?Darryl Hannah
27%
What syndrome does he have, preventing him from leaving Earth?Methuselah Syndrome
9%
Where does the final 'battle' take place?The Bradbury Building
9%

Score Distribution

Percentile by Number Answered

Percent of People with Each Score

Your Score History

You have not taken this quiz